000 01146pam a2200289 i 4500
001 863934
003 NUST - PNEC
005 20170116181053.0
008 790313s1980 nyua b 001 0 eng
010 _a 79010595
020 _a0831111259
040 _aDLC
_cLIBRARY
_dDLC
050 0 0 _aT175.5
_b.K3 1979
082 0 0 _a658.57 KAR
_219
100 1 _aKarger, Delmar W.
245 1 0 _aManaging engineering and research :
_bthe principles and problems of managing the planning, development, and execution of engineering and research activities /
_cDelmar W. Karger, Robert G. Murdick.
250 _a3d ed.
260 _aNew York :
_bIndustrial Press,
_cc1980.
300 _aviii, 563 p. :
_bill. ;
_c23 cm.
504 _aIncludes bibliographies and index.
650 _aManagment information system
_xMIS
_911971
700 1 _aMurdick, Robert G.,
_ejoint author.
856 4 1 _3Table of contents only
_uhttp://www.loc.gov/catdir/enhancements/fy1203/79010595-t.html
856 4 2 _3Publisher description
_uhttp://www.loc.gov/catdir/enhancements/fy1203/79010595-d.html
906 _a7
_bcbc
_corignew
_d1
_eocip
_f19
_gy-gencatlg
942 _2ddc
_cBK
999 _c68470
_d68470